[Event "Match 78__120'/40"]
[Site "Zurich"]
[Date "2024.??.??"]
[Round "39"]
[White "Saitek D+ EGR 10 MHz"]
[Black "Mephisto Polgar sel. 5"]
[Result "0-1"]
[WhiteElo "1992"]
[BlackElo "1991"]
[Annotator "Utzinger,K"]
[PlyCount "65"]
[EventDate "2024.05.22"]
[EventType "match"]
[SourceVersionDate "2024.04.21"]

{[%evp 0,65,19,38,25,16,14,12,8,25,-7,-7,8,14,-6,-43,-47,-47,-32,-40,4,-20,-26,-20,-6,-2,-22,-3,35,8,-29,-41,-30,-73,1,-17,-30,-38,9,3,-17,-39,5,-33,-41,-69,-66,-81,-84,-45,-48,-75,-55,-56,-58,-185,-92,-276,-194,-575,-765,-765,-279,-29991,-29992,-29993,-29994,-29995]} 1. e4 e5 {Match 120'/40 | Bediener: Rolf Bühler | 18.09.2024 | 39. Partie: Schwarz (Polgar) gewinnt | Zwischenstand: 20,0-19,0 (51,2%) für Mephisto Polgar / hypothetisch: 25-14 (64%) für Mephisto Polgar | Eröffnung: Italienisch, Möller Variante | Auch in dieser Partie zeigt sich, dass beide Programme vor allem taktisch überfordert sind. Der Saitek D+ vermasselt mehrere Gewinnstellungen, bis er selbst in die Grube fällt.} 2. Nf3 Nc6 3. Bc4 Bc5 4. c3 Nf6 5. d4 exd4 6. cxd4 Bb4+ 7. Nc3 Nxe4 8. O-O Bxc3 9. d5 Bf6 10. Re1 Ne7 11. Rxe4 d6 {***ENDE BUCH*** = (-0.24) (48% +1% =95% -5%) Depth: 44/79 Bei gesunder Stellung hat Schwarz nun einen Bauern mehr, weshalb der früher populäre weisse Aufbau viele Anhänger verloren hat. Trotzdem muss Schwarz gegen einen gut vorbereiteten Gegner auf der Hut sein.} 12. g4 {***ENDE BUCH*** =/+ (-0.37) (46% +0% =92% -8%) Depth: 44/70 Für den letzten Buchzug 12.g4?! des Saitek D+ habe ich nur 175 Partien gefunden, die erste Partie aus dem Jahre 1902.} (12. Bg5 {ist die üblichste Fortsetzung} Bxg5 13. Nxg5 h6 {und nun streiten sich 14.Da4+, 14.De1, 14.Sf3, 14.Dh5 und 14.Lb5+ um den besten Zug.}) 12... h6 ({Selbst} 12... O-O {ist gut möglich} 13. g5 Be5 14. Nxe5 Bf5 15. Re1 dxe5 16. Rxe5 Qd7 17. Qf3 Ng6 18. Re1 Rae8 19. Bd2 Ne5 20. Qf4 Nxc4 21. Qxc4 Rd8 22. Re5 Rfe8 23. Rae1 Rxe5 24. Rxe5 Bg6 25. Bc3 c6 26. dxc6 bxc6 27. Re3 Qd1+ 28. Kg2 Bd3 29. Qf4 Qf1+ 30. Kg3 Be2 $2 {Verlustzug, statt 30...Lc4 ausgeglichen.} 31. Kh4 Bd1 32. Re1 Qd3 33. Qe5 f6 34. gxf6 Qf3 35. Qe6+ Kf8 36. Qe7+ Kg8 37. Qxg7# {1-0 (37) Salinas Herrera,P (2514)-Wagner,D (2580) Chess.com INT 2022}) 13. h4 {[#]} g6 $2 {[%mdl 2] Schwarz verschenkt ein wichtiges Tempo zulasten einer raschen Entwicklung, so dass Weiss nun gewinnen könnte.} 14. Qb3 {Hier hätte 14.Dd3 nach Stockfish 17 bereits gewonnen, eine für unsere Oldies nicht berechenbare Variante.} ({Stockfish 17:} 14. Qd3 {+- (2.08) (99%) ST 53} Kf8 15. Bd2 Bd7 16. Rae1 Ng8 17. Rf4 g5 18. Rfe4 Qc8 19. Bb5 Bxb5 20. Qxb5 gxh4 21. Qd3 Qd7 22. Bc3 Bxc3 23. bxc3 Rh7 24. Nd4 Kg7 25. Nf5+ Kh8 26. Qd4+ f6 27. Re6 Qf7 28. Nxh4 Qg7 29. Qe4 Qg5 30. Ng6+ Kg7 31. Nf4 Kh8 32. Re3 h5 33. Rh3 h4 34. Kh1 Rg7 35. Rh2 Nh6 36. f3 Nf7 37. Nh5 Rg6 38. Re8+ Rg8 39. Re7 Qc1+ 40. Kg2 Qb2+ 41. Qe2 Qxe2+ 42. Rxe2 Rge8 43. Re6 $18) 14... Bg7 15. Bb5+ Kf8 $6 {Der Verzicht auf die Rochade war nicht notwendig.} ({Stärker ist} 15... c6 $1 16. dxc6 O-O $1 17. c7 (17. cxb7 $2 Bxb7 $19) 17... Qxc7 18. Be3 d5 $17) 16. Nd4 {Entwicklung mit 16.Ld2 mag besser zu gefallen.} {[#]} f5 $2 $19 {[%mdl 2] Schlicht ein die Stellung schwächender Verlustzug. Stattdessen war 16...a6 mit leichtem Vorteil für Schwarz angesagt.} 17. gxf5 $2 $14 {Verpatzt auf einen Schlag den soeben geschenkt erhaltenen Vorteil.} ({Richtig ist} 17. Ne6+ Bxe6 18. Rxe6 fxg4 (18... a6 19. Bd3 Be5 20. gxf5 gxf5 21. Bxh6+ Rxh6 22. Rxh6 $18) 19. Bd3 Nf5 20. Bxf5 gxf5 21. Bf4 Rh7 22. Rae1 Kg8 23. Rg6 Rb8 24. Ree6 (24. Bg3 $2 f4 $1) 24... g3 (24... Qxh4 25. Qe3 $18) 25. Qxg3 Kh8 26. Bxh6 $18) 17... Bxd4 18. Rxd4 {Bewertung Rems Sep24-avx2: = (0.00) (50% +1% =98% -1%)} Bxf5 {Die Engines plädieren mit 18...a6 oder 18...Sxf5 für weniger logisch aussehende Fortsetzungen.} 19. Ba4 {Dieser Rückzug wirkt etwas befremdlich.} Rb8 20. Rb4 {Weiss versteift sich zu fest auf den Damenflügel.} Nc8 21. Qc3 ({Abzuraten ist von} 21. Rxb7 $2 Rxb7 22. Qxb7 Qxh4 $17 {und nun ist es Schwarz, der klar besser steht.}) 21... Kg8 22. Bd1 Rh7 23. Qa3 {Fortsetzung der falschen Strategie mit Spiel am Damenflügel.} Ra8 $6 {Auch nicht die beste Entgegnung.} (23... Nb6 $1 {denn} 24. Qxa7 $2 {ist schlecht wegen} Re7 $17 {und wieder ist Schwarz am Drücker.}) {[#]} 24. Rxb7 $2 {[%mdl 32770] Nach diesem Fehler wendet sich das Blatt entscheidend zugunsten von Schwarz.} Qxh4 $6 {Nicht die beste Fortsetzung, die in 24...Sb6! bestand.} (24... Nb6 $1 {Da alle weissen Figuren ungünstig platziert sind, hat Schwarz eine gewonnene Stellung, zumal der eingeklemmte Tb7 sich in höchster Gefahr befindet.} 25. Bf4 (25. Qg3 Qc8 26. Rxb6 axb6 $19) 25... Qxh4 26. Bg3 Qd4 27. Bf3 Bc8 $19) 25. Rb4 Qe7 26. Bd2 Nb6 {[#]} 27. Bb3 $2 $19 {[%mdl 2] Dieser Angstzug um d5 verliert wieder.} ({Nach} 27. Qg3 g5 28. Bh5 Rf8 29. Re1 $11 {wäre noch gar nichts klar.}) 27... Qe2 $6 {Nutzt die gegnerische Schwäche zu wenig aus und steht so nur noch besser, während 27...a5 den Tag entschieden hätte.} {[#]} 28. Be3 $2 $19 {[%mdl 2] Dieser Fehler besiegelt das weisse Schicksal endgültig.} Bh3 {Auch 28...Te7 gewinnt, es droht tödlich ...Df3 nebst Matt auf g2.} 29. Rf4 {Verhindert ...Df3, aber ändert nichts am schwarzen Sieg.} (29. Kh2 Rf8 $1 30. Kxh3 Rhf7 31. Rg4 Rf3+ 32. Rg3 Rxg3+ 33. fxg3 Rf5 $19) 29... g5 {Erobert den weissen Turm.} 30. Kh2 (30. Rf6 Qg4+ 31. Kh1 Qg2#) 30... gxf4 31. Bxb6 Qf3 {Schwarz hat Mattangriff.} 32. Rg1+ Rg7 33. Rxg7+ {***AUFGEGEBEN***} 0-1

[Event "Match 78__120'/40"]
[Site "Zurich"]
[Date "2024.??.??"]
[Round "40"]
[White "Mephisto Polgar sel. 5"]
[Black "Saitek D+ EGR 10 MHz"]
[Result "1/2-1/2"]
[WhiteElo "1991"]
[BlackElo "1992"]
[Annotator "Utzinger,K"]
[PlyCount "131"]
[EventDate "2024.05.22"]
[EventType "match"]
[SourceVersionDate "2024.04.21"]

{[%evp 0,131,19,38,25,16,13,37,33,32,32,9,20,-19,-7,-9,50,11,32,32,54,46,46,24,24,30,25,15,36,35,36,36,13,29,19,22,43,-14,-6,-20,38,17,14,18,136,0,0,6,15,14,8,-15,0,-44,-38,-65,11,18,9,5,20,8,11,0,19,-6,0,0,-10,0,0,-27,-33,-26,-27,-26,-28,-39,-35,-29,-7,-7,-4,-42,-25,-53,-60,-93,-97,-98,-57,-60,-60,-78,15,18,10,10,-2,18,-7,0,7,9,24,0,0,0,0,31,1,19,1,19,1,19,0,19,45,0,0,0,0,0,0,0,0,0,0,0,0,0,0,0]} 1. e4 e5 {Match 120'/40 | Bediener: Rolf Bühler | 22.09.2024 | 40. Partie: Remis | Zwischenstand: 20,5-19,5 (50,5%) für Mephisto Polgar / hypothetisch: 26-14 (65%) für Mephisto Polgar | Eröffnung: Russische Verteidigung | Eine vor allem im Endspiel sehr schwierige Partie mit wechselndem Verlauf endet mit einem gerechten Remis.} 2. Nf3 Nf6 3. Nxe5 d6 4. Nf3 Nxe4 5. d4 d5 6. Bd3 Nc6 7. O-O Bg4 8. c4 Nf6 9. cxd5 {***ENDE BUCH***} Bxf3 10. Qxf3 Qxd5 {***ENDE BUCH***} 11. Re1+ Be7 12. Qxd5 Nxd5 13. Be4 ({Nur Zugumstellung ist} 13. Nc3 O-O-O 14. Be4 Bb4 15. Bd2 Nf6 $11 16. Bxc6 bxc6 17. Be3 Nd5 $11 {½-½ (67) Kamsky,G (2695)-Karpov,A (2740) Linares 1994}) 13... O-O-O 14. Nc3 Bb4 15. Bxd5 {Auch damit ist kein Blumentopf zu gewinnen.} (15. Bd2 Nf6 $11 {und weiter wie in Kamsky,G-Karpov,A.}) 15... Rxd5 16. a3 (16. Nxd5 {bringt nichts ein} Bxe1 17. Nxc7 Bxf2+ 18. Kxf2 Kxc7 19. Bf4+ Kd7 20. Rc1 Ke6 21. Ke3 Rd8 22. Rc4 Rd5 23. g4 f6 24. Ke4 g6 25. Be3 h5 26. h3 hxg4 27. hxg4 Rd7 28. Rc5 Nb4 29. Bd2 Nd5 30. Rc8 Ne7 31. Re8 {½-½ (31) Ljubojevic,L (2635)-Tal,M (2620) Bugojno 1984}) 16... Bxc3 17. bxc3 Rb5 {Kein Fehler. Aber eher hätte man an 17...Sa5 gedacht, um den Springer auf das starke Feld c4 zu bringen.} 18. c4 {Diese nicht notwendige Lockerung der weissen Bauernstruktur räumt dem Gegner leichten Vorteil ein.} Rb3 19. d5 {Hier waren 19.Lf4 oder 29.Te4 exakter.} Na5 {Nutzt die gegnerische Ungenauigkeit nicht aus.} ({Nach} 19... Nd4 $1 {droht ...Sc2} 20. Re3 b5 $5 21. Kf1 Rd8 22. cxb5 Rxb5 23. Re7 Rbxd5 24. Be3 Nc2 25. Ra2 Nxe3+ 26. fxe3 R8d7 27. Re8+ Kb7 28. Rb2+ Kc6 $15 {steht Weiss etwas besser.}) 20. Bf4 {Mit 24.Te7 stand eine gleichwertige Alternative zur Verfügung.} Kd7 21. c5 $11 {[#]} Nc4 $2 $18 {[%mdl 2] Gemäss meinen Engines ein Verlustzug.} (21... Rd3 22. Rad1 Rxd1 23. Rxd1 Re8 $11) 22. Reb1 $2 $11 {Weiss packt seine Gewinnchance nicht.} ({Rems Sep24-avx2: 1)} 22. Re4 Nb2 (22... Nxa3 23. Rae1 $18) 23. Rb1 Rxa3 24. Rbe1 Nd3 25. c6+ bxc6 26. Re7+ Kc8 27. Rxc7+ Kb8 28. Rb1+ Ka8 29. Bd6 c5 30. Bg3 Rb8 31. Rf1 Nb4 32. d6 Rd3 33. d7 Na6 34. Rc8 Rxd7 35. Bxb8 Nxb8 36. Rc1 Re7 37. R8xc5 Nd7 38. Rc7 Kb8 39. Kf1 f6 40. Rc8+ Kb7 41. R1c7+ Kb6 42. Rc2 Kb7 43. R8c7+ Kb8 44. Rc1 Rf7 45. R1c6 Re7 46. g3 Rf7 47. Rc8+ Kb7 48. R6c7+ Kb6 49. Rc1 Kb7 50. R8c7+ Kb8 51. Kg2 Re7 52. Rc8+ Kb7 53. R1c7+ Kb6 54. Rc2 Kb7 55. R8c7+ Kb8 56. Rc1 Rf7 57. h4 Ne5 58. Rxf7 Nxf7 59. Kf3 Kb7 60. Ke4 a5 61. Kd5 h5 62. Rb1+ Ka6 63. Ke6 Nh6 64. f3 a4 65. Rb8 Ka5 66. Rb7 a3 67. Ra7+ Kb4 68. Rxg7 {[%eval 387,43] [%wdl 1000,0,0]}) ({Rems Sep24-avx2: 2)} 22. Rac1 Nxa3 23. d6 Nb5 24. Re7+ Kc6 25. Rxf7 Re8 26. dxc7 Rc8 27. Rxg7 Nxc7 28. Rxh7 Nd5 29. Be5 Nb4 30. Rh8 Rxh8 31. Bxh8 Kd7 32. h4 Ke6 33. Ra1 Nd3 34. f3 Nf4 35. Ra4 Ng6 36. Bg7 Ne7 37. Kf2 Kf7 38. Ba1 Rb5 39. Rxa7 Rxc5 40. Rxb7 Rc2+ 41. Kg3 {[%eval 378,42] [%wdl 1000,0,0]}) 22... Rxb1+ 23. Rxb1 Re8 24. g3 Kc8 25. a4 Re4 26. d6 cxd6 27. cxd6 b6 28. f3 Rd4 29. Re1 Nxd6 30. Re7 a6 31. Ra7 ({Die Vereinfachung} 31. Bxd6 Rxd6 32. Rxf7 Rd7 $11 {hätte den beiden Programmen gut getan, wobei anzumerken bleibt, dass Weiss durch Tausch der Türme nicht weiter vereinfachen dürfte, weil danach Schwarz mit seinem entfernten Freibauern am Damenflügel das Bauernendspiel gewinnen könnte, z.B.} 33. Rxd7 $4 Kxd7 34. Kf2 (34. f4 a5 35. g4 b5 $19) 34... Kc6 35. Ke3 b5 ({oder} 35... a5 36. Kd4 b5 37. Kc3 bxa4 38. Kc4 a3 39. Kb3 Kc5 40. f4 Kd4 41. g4 Ke4 42. f5 Kf4 43. h3 h6 $1 44. Kxa3 Kg3 45. Ka4 Kxh3 46. Kxa5 Kxg4 $19) 36. axb5+ (36. a5 b4 37. f4 Kb5 38. f5 Ka4 39. g4 b3 40. Kd2 Ka3 41. g5 b2 42. f6 gxf6 43. gxf6 b1=Q $19) 36... Kxb5 37. Kd3 a5 38. Kc3 a4 39. f4 Kc5 40. g4 Kd5 41. Kd3 a3 42. Kc3 Ke4 43. f5 Kf4 44. h3 h6 (44... Kg3 $4 45. g5 $18) 45. Kb3 Kg3 46. Kxa3 Kxh3 47. Kb4 Kxg4 $19) 31... Nc4 32. Rc7+ Kd8 33. Rxf7 Rd7 34. Rf8+ Ke7 35. Ra8 a5 36. Rh8 Rd1+ 37. Kf2 Ra1 38. Rxh7 Ra2+ 39. Ke1 Kf6 40. Rh5 Rxa4 $11 41. g4 $2 $19 {[%mdl 32770] [#] Nun stolpert der Mephisto Polgar sel. 5 in den Verlust, was mit 41.Tb5 als auch 41.Ke2 zu umgehen war.} ({Rems Sep24-avx2: 1)} 41. Rb5 {= (0.00) (50%) ST 66} Ke6 42. Ke2 Ra3 43. Bc7 Re3+ 44. Kf2 Rc3 45. g4 a4 46. Bxb6 Rb3 47. Rxb3 axb3 48. Bd4 b2 49. Bxb2 Nxb2 50. Ke3 Nc4+ 51. Kf4 g5+ 52. Kxg5 {[%eval 0,66] [%wdl 4,992,4]}) ({Rems Sep24-avx2: 2)} 41. Ke2 {= (0.00) (50%) ST 66} Rb4 42. Kd3 b5 43. Kc3 Rb1 44. Rc5 a4 45. Rc6+ Kf5 46. Kd4 a3 47. Rc5+ Kg6 48. Rc6+ Kf7 49. Rc7+ Kf6 50. Rc6+ Ke7 51. Ra6 Rb3 52. h4 Rxf3 53. Kc5 Rb3 54. g4 Nb2 55. Kd5 Rd3+ 56. Kc5 {[%eval 0,66] [%wdl 4,992,4]}) 41... Ra2 $2 {Dieses Mal ist es der Saitek D+, der seine Gewinnchance in den Sand setzt. Ihn dafür zu tadeln, wäre vermessen, denn dieses Endspiel ist Gift für unsere Oldies und verlangt sehr tiefe Berechnungen.} (41... Rb4 $1 {Erlaubt das Vorrücken seines Freibauern auf der a-Linie.} 42. Bg5+ Kf7 43. Rh8 a4 44. Ra8 a3 45. Bc1 (45. Ra7+ Ke6 46. Be7 Rb1+ 47. Ke2 a2 48. Rxa2 Kxe7 $19) 45... Rb1 46. Kd1 Na5 47. Kc2 a2 48. Bb2 g5 49. Ra6 Rf1 50. Bd4 Rf2+ 51. Kd1 Rxf3 52. Ke2 Rb3 53. Kf2 Ke6 54. Bg7 Kd5 55. Ra8 Rd3 56. Rc8 Nc6 57. Ra8 Rd2+ 58. Kg3 b5 $19) 42. Rf5+ $2 {[%mdl 2] Mit 42.Tb5 ist die Partie zu halten.} Ke6 43. Rg5 Kf7 $2 (43... a4 {gewinnt}) 44. Rf5+ $2 {[%mdl 2]} (44. Rb5 $1 $11) 44... Ke7 $2 (44... Ke6 $19 {gewinnt}) 45. Rg5 Kf8 46. Rb5 Rb2 47. Rxb2 Nxb2 $11 {Dieses Endspiel ist ausgeglichen. Die beiden schwarzen Freibauern und ein gut postierter Springer beschäftigen Weiss derart, dass die weisse Bauernmehrheit nicht zum Tragen kommt.} 48. Kd2 Nc4+ 49. Kc3 b5 50. Kd4 a4 51. Kc3 Ke7 52. h4 (52. Kb4 Ke6 53. Kxb5 $2 a3 $19) 52... Ke6 53. Kb4 a3 54. Kb3 {[#]} b4 {Der Saitek D+ agiert in dieser Phase stark.} 55. h5 Na5+ 56. Ka2 (56. Kxb4 $4 a2 $19) 56... Nc4 57. Kb3 Na5+ 58. Ka2 Nc6 59. h6 gxh6 60. Bxh6 Ne5 61. Bd2 Nxf3 62. Bxb4 Kf6 63. Bd6 Kg5 64. Be7+ Kxg4 65. Bd6 Kf5 66. Bxa3 {***REMIS MATERIAL***} 1/2-1/2

[Event "Match 78__120'/40"]
[Site "Zurich"]
[Date "2024.??.??"]
[Round "41"]
[White "Saitek D+ EGR 10 MHz"]
[Black "Mephisto Polgar sel. 5"]
[Result "1/2-1/2"]
[WhiteElo "1992"]
[BlackElo "1991"]
[Annotator "Utzinger,K"]
[PlyCount "169"]
[EventDate "2024.05.22"]
[EventType "match"]
[SourceVersionDate "2024.04.21"]

{[%evp 0,169,27,15,15,-17,-15,-9,-9,-14,-25,-24,-12,-12,2,-1,12,14,13,14,9,-3,-3,-17,-16,-13,-13,-13,6,6,7,2,7,10,10,8,9,0,14,14,18,24,24,15,9,15,24,18,35,12,11,0,-7,-9,-10,-14,-6,-18,0,-19,-8,-17,-20,-17,1,19,27,27,27,19,12,3,0,-29,-10,-15,-6,-7,-7,-21,-5,0,0,0,29,0,87,0,0,0,78,0,0,0,38,19,103,77,86,86,169,169,158,135,157,167,167,143,140,122,169,141,121,101,113,115,144,144,131,124,124,124,131,131,149,147,146,20,106,46,92,82,88,66,34,86,29,39,30,24,100,95,95,100,96,102,103,103,103,103,103,102,115,0,95,0,0,0,125,0,0,0,0,0,0,0,0,0,0,0,0,0]} 1. Nf3 d5 {Match 120'/40 | Bediener: Rolf Bühler | 24.09.2024 | 41. Partie: Remis | Zwischenstand: 21,0-20,0 (51,2%) für Mephisto Polgar / hypothetisch: 26-15 (63,4%) für Mephisto Polgar | Eröffnung: Réti, Nimzowitsch-Larsen Angriff | Eine für unsere Oldies sehr schwierige Partie, die mit Saitek D+ einen klaren Sieger hätte erbringen können. Aber sowohl bei den Verlustzügen wie auch den verpassten Gewinn- oder Remischancen waren beide Programme überfordert. Umso erstaunlicher, dass die Schlussphase des Endspiels von beiden Seiten völlig fehlerfrei absolviert wurde.} 2. b3 {***ENDE BUCH*** Bewertung: = (0.05) (51% +5% =92% -3%)} Nf6 {***ENDE BUCH*** Bewertung: = (0.11) (51% +6% =92% -3%)} 3. e3 Bf5 4. d4 e6 5. Bd3 Bxd3 6. Qxd3 Nbd7 7. c4 Bd6 {Mir gefallen ...Le7 oder ...Lb4+ besser.} 8. c5 {Gewinnt ein Tempo, was diesen Vorstoss gerade noch rechtfertigt. Der Nachteil liegt auf der Hand: Weiss kann e3-e4 nicht mehr durchsetzen, ohne nach ...dxe4 mit einem isolierten Bauern auf d4 hängen zu bleiben. Umgekehrt fällt es Schwarz relativ leicht, den Durchbruch e6-e5 ohne Nachteile zu realisieren.} Be7 9. Bb2 c6 10. Nc3 b6 11. b4 O-O 12. O-O a5 13. a3 axb4 14. axb4 Qc7 15. Rxa8 Rxa8 16. Ra1 Rxa1+ 17. Bxa1 bxc5 18. bxc5 {Nach dem Verschwinden aller Türme und der gleichartigen Bauernstruktur ist das Angriffspotenzial beider Spieler stark reduziert und das Remis das am ehesten zu erwartende Resultat.} e5 {Schwarz ergreift im Zentrum die Initiative, kann damit aber auch nichts erreichen. Ich hätte ...Da7 oder ...Db7 vorgezogen und die weisse Dame nicht nach a6 gelassen.} 19. Qa6 e4 20. Nd2 Ng4 21. Nf1 Bh4 22. Nd1 Bd8 23. Bc3 Nb8 24. Qe2 f5 25. h3 Nf6 26. Ng3 g6 27. Qb2 Nbd7 28. Ne2 Qb8 29. Qd2 (29. Qxb8 Nxb8 {Nach dem Damentausch könnte man die Friedenspfeife rauchen.}) 29... Qb1 30. Nc1 Qb5 31. Na2 Bc7 32. Nb4 Kg7 33. Qa2 h6 34. Qa3 ({Mit} 34. Qa6 {konnte Weiss den Damentausch erzwingen, denn} Nb8 {wäre ungünstig wegen} 35. Qc8 $16) 34... Qe2 35. Qb3 Nb8 36. Na2 f4 37. Nc1 Qa6 38. exf4 Bxf4 39. Qc2 Nbd7 40. Na2 Qb5 41. Nb4 Nf8 42. Qa2 Kg8 $6 {Verpasst es, sich mit 42...h5 die Diagonale c1-h6 für seinen Läufer freizuhalten.} 43. Qa8 {Verpasst 43.g3, um klaren Vorteil zu erhalten mit einem Bauern mehr.} (43. g3 $1 Bc7 44. Ne3 h5 (44... N6d7 45. Nbxd5 $18) (44... Qa5 45. Qa1 $1 Kf7 (45... Qxa1+ 46. Bxa1 Kf7 {ist nur Zugumstellung}) 46. Nxc6 Qxa1+ 47. Bxa1 Ke6 48. Bc3 $18) 45. Qa7 Ne6 46. Qa8+ Kf7 47. Qxc6 Qxc6 48. Nxc6 Ng5 49. Kg2 $16 {und Schwarz steht ein schwerer bis vielleicht unmöglicher Kampf um das Remis bevor.}) 43... Qe2 44. Qa1 Qb5 45. Qa8 Qe2 46. Qa1 Qb5 (46... Bd2 47. Bxd2 Qxd2 48. Nxc6 Qe1+ 49. Kh2 e3 50. fxe3 Ng4+ $1 51. hxg4 Qh4+ {gefolgt von Dauerschach auf e1 und h4.}) 47. Ne3 (47. g3 {kann mit der überraschenden Entgegnung} Bxg3 $5 {beantwortet werden} 48. fxg3 Qe2 49. Qc1 Nh5 50. Ne3 Nxg3 51. Be1 Qf3 52. Bxg3 Qxg3+ 53. Ng2 Ne6 $1 54. Nxc6 Ng5 55. Kf1 Nxh3 56. Qb2 Qf3+ 57. Ke1 Qg3+ 58. Kd1 Qd3+ 59. Qd2 Qb1+ 60. Ke2 Qg1 $11) 47... N6d7 48. Qa8 Bxe3 49. fxe3 {[#]} Qc4 $2 $18 {[%mdl 2] Verlustzug, aber für unsere Oldies schwer zu sehen. Nach 49...De2 hätte Schwarz keine Sorgen.} 50. Be1 Qe2 ({Auch} 50... Nxc5 {rettet nicht mehr} 51. dxc5 Qxc5 52. Qxc6 $18) 51. Bf2 Qd1+ 52. Kh2 Qd2 53. Qxc6 $2 {[%mdl 32768] Seit dem gegnerischen Fehler 49...Dc4? hat der Saitek D+ gut agiert und wandelte bereits auf dem Siegespfad. Mit dem Textzug macht das Programm von Julio Kaplan indessen seine Anstrengungen zunichte.} ({Richtig war} 53. Bg3 $1 Qxb4 54. Qxc6 Qb3 55. Qa6 Qb4 56. Qa8 Kg7 (56... Qb3 57. c6 Kf7 58. c7 $18) 57. Qxd5 Qb5 58. Qxe4 Kf7 59. Qf3+ Kg8 60. Qa8 Kf7 61. c6 Qd5 (61... Ne6 62. cxd7 Qxd7 63. Qf3+ Ke8 64. Qf6 $18 {und gewinnt}) 62. Qa6 Ne6 63. cxd7 Qxd7 64. Qf1+ Ke7 65. Be5 $18 {und gewinnt}) 53... Qxf2 54. Qxd5+ $14 {[#]} Kh8 $2 $18 {[%mdl 2] Ein falscher Königszug, der aus  ein +- macht.} (54... Kg7 55. Qxe4 Nf6 56. Qe7+ Kg8 57. Nd3 $14) 55. Qxe4 {Weshalb dieser logisch anmutende Schlagzug im Vergleich zu 55.c6! weniger günstig für Weiss sein soll, wissen nur die übermächtigen Engines. Eine mögliche Gewinnvariante von Stockfish 17 bestätigt die technische Schwierigkeit, dieses Endspiel zu gewinnen. Aber auch nach dem Textzug sehe ich keine Rettung für Schwarz, der gegen die geballte Bauernmacht des Gegners hilflos ist ... natürlich nur, wenn man es korrekt spielt.} (55. c6 Nf6 56. Qd8 Nh5 57. Qd6 Ne6 58. c7 Nxc7 59. Qd8+ $1 Kg7 60. Qxc7+ Qf7 61. Qe5+ Nf6 62. d5 Qe8 63. Qc7+ Kg8 64. Kg1 h5 65. d6 Kf8 66. Nc6 g5 (66... Nd7 67. Ne7 Nf6 68. Kh2 Kf7 69. Nd5+ Nd7 70. Kg1 Ke6 71. Qc6 Qf7 72. Ne7 Qe8 73. Qd5+ Kf6 74. Qxe4 $18) 67. Qa7 Qe6 68. Qc5 Nd7 69. Qxg5 Qxd6 70. Nd4 Nf6 71. Ne2 Kf7 72. Nf4 $18) 55... Nf6 56. Qf3 {Erzwingt den Damentausch.} Qxf3 57. gxf3 Ne6 58. c6 Ne8 59. d5 Ng5 60. Kg3 Nf7 61. e4 Kg7 62. f4 Kf6 {[#]} 63. e5+ $2 {[%mdl 32768] Nach diesem Vorstoss, der dem schwarzen König das treffliche Blockadefeld f5 einräumt, ist das schwierige Endspiel nicht mehr zu gewinnen. Und höchst erstaunlich: Bis zum Partieende mit Remis begeht keines der beiden Programme auch nur den geringsten Fehler. Einen möglichen Gewinnweg demonstriert Stockfish 17 mit 63.Sd3 und einer langen Variante.} ({Stockfish 17:} 63. Nd3 Ke7 64. e5 Nc7 65. Nb4 g5 66. d6+ Nxd6 67. exd6+ Kxd6 68. fxg5 hxg5 69. Kg4 Kc5 70. Kxg5 Kxb4 71. h4 Ka4 72. h5 Kb4 73. h6 Kc4 74. h7 Kd5 75. Kf5 Kd6 76. Kg6 Nd5 77. Kg5 Kxc6 78. h8=Q Nb4 79. Kf5 Nd5 80. Qa8+ Kc5 81. Ke5 Nb4 82. Qh8 Nc6+ 83. Kf5 Kd5 {[%eval 552,42] [%wdl 1000,0,0]}) 63... Kf5 ({Auch nach} 63... Nxe5 64. fxe5+ Kxe5 $11 {wird es Remis}) 64. Na6 g5 {Untergräbt die weisse Bauernstruktur. Auch hier war noch immer 64...Sxe5 mit demselben Resultat möglich.} 65. fxg5 Kxe5 66. c7 ({Oder} 66. gxh6 Nxh6 67. Nb4 Nf5+ 68. Kg4 Ne7 69. Kg5 Nxd5 70. Nxd5 Kxd5 71. h4 Kxc6 72. h5 Ng7 73. h6 Ne6+ 74. Kf5 Nf8 75. Kf6 Kd6 76. Kf7 Nh7 77. Kg6 Ke6 78. Kxh7 Kf7 $11) 66... Ned6 67. g6 Nf5+ 68. Kg4 N7d6 69. Nc5 Ne7 70. g7 Kxd5 71. Nb7 Ndc8 72. Nd8 h5+ 73. Kxh5 Kd6 74. Nf7+ Kxc7 75. Nh6 Nd6 76. h4 Ne4 77. Ng4 Nd6 78. Kg5 Ne8 79. h5 Nxg7 80. h6 Ne6+ 81. Kf6 Kd6 82. h7 Nd5+ 83. Kg6 Nf8+ 84. Kh6 Nxh7 85. Kxh7 {***REMIS MATERIAL***} 1/2-1/2